| 000 | 01330nam a2200277Ia 4500 | ||
|---|---|---|---|
| 001 | 18078 | ||
| 003 | GE_BSU | ||
| 008 | 181216s||||||||xx |||||||||||||| ||und|| | ||
| 020 | _a9789941462238. issn 1987-5894. | ||
| 040 | _cGE_BSU | ||
| 080 | _a349.6(479.22) | ||
| 100 | _aსამნიძე,დავით | ||
| 245 | _aსაქართველოს დაცული ტერიტორიების სამართლებრივი მდგომარეობა | ||
| 245 | _cრედ. ნ.ფუტკარაძე | ||
| 250 | _aბათუმის შოთა რუსთაველის სახ-ფო უნ-ტი. იურიდიული ფაკ-ტი. სამართლის დეპ-ტი. | ||
| 260 | _aბათუმი | ||
| 260 | _bბათუმის შოთა რუსთაველის სახ. უნ-ტი | ||
| 260 | _c2015 | ||
| 300 | _a70გვ.20სმ. | ||
| 300 | _eბიბლ.გვ.69-70 | ||
| 541 | _h4ლ.11თ. | ||
| 653 | _aეკოლოგიური სამართალი | ||
| 653 | _aსამართალი | ||
| 653 | _aსაქართველოს დაცული ტერიტორიების სამართლებრივი მდგომარეობა | ||
| 942 | _cBK | ||
| 999 |
_c51121 _d51121 |
||